000 01028nam a22002897a 4500
001 3795
003 FISKH
005 20250828110828.0
008 240508b cb ||||| |||| 00| 0 eng d
020 _a9781595157362
040 _aFISKH
_beng
_cFISKH
_dFISKH
050 _aQL605.3
082 _a596
100 _aO' Hare , Ted
_eauthor
245 _aVertebrates :
_bWhat is an animal? /
_cTed O' Hare
260 _aFlorida :
_bRourke Publishing ;
_c2006
300 _a24 pages :
_bcolor illustrations ;
_c19 cm .
490 _aWhat Is An Animal?
505 _aU
520 _aExplains what makes an animal a vertebrate and describes vertebrate habits, habitats, bodies, predators, prey, and life cycles, presenting color photos of various vertebrate species such as crocodiles, penguins, and wolves.
521 8 _a820
_bLexile estimate
521 8 _aU
_bRaz-Plus
650 _aVertebrates
_vJuvenile Literature
700 _aSloan , Frank
_eillustrator
942 _2ddc
_cBK
_n0
999 _c3795
_d3795